00923nam a22002537a 4500001000500000005001700005020001800022040010500040050001500145082000800160100002300168245007800191260003700269300005800306490003600364505000800400520013900408521002000547521002000567650001300587650002700600655001000627655003200637249820240111134432.0 a9780142413067 aTEFMTbengerdacTEFMTdGK8dTEFdOCLCFdUOKdTOHdCPLdVP@dTJCdUABdZYUdOCLCOdOCLCQdOCLCOdDLC00aPZ7.P7518604a940 aPolacco, Patricia 04aThe butterfly :bFrom the author of PINK AND SAY /cPolacco, Particia :  aU.S.A : bPenguin Group , c2000 a47 unnumbered pages :bcolor illustrations ; c29 cm  aFrom the author of Pink And Say aO  aDuring the Nazi occupation of France, Monique's mother hides a Jewish family in her basement and tries to help them escape to freedom. a630 bLexile  aO bRaz-Plus  0zIreland. 0aFiddle tuneszIreland. 72lcgft 7aArrangements (Music)2lcgft